Kantan̲ in̲iyan̲ / (Record no. 82301)

MARC details
000 -LEADER
fixed length control field 00640cam a2200217 i 4500
001 - CONTROL NUMBER
control field sa 68008199
003 - CONTROL NUMBER IDENTIFIER
control field DLC
005 - DATE AND TIME OF LATEST TRANSACTION
control field 20260227112530.0
008 - FIXED-LENGTH DATA ELEMENTS--GENERAL INFORMATION
fixed length control field 851001s1967 ii 000 0 tamo
010 ## - LIBRARY OF CONGRESS CONTROL NUMBER
LC control number sa 68008199
040 ## - CATALOGING SOURCE
Original cataloging agency DLC
Transcribing agency DLC
Modifying agency DLC
050 00 - LIBRARY OF CONGRESS CALL NUMBER
Classification number PL4758.05
Item number .D6
100 2# - MAIN ENTRY--PERSONAL NAME
Personal name Dorai Rangaswamy, M. A.,
Dates associated with a name 1908-
245 10 - TITLE STATEMENT
Title Kantan̲ in̲iyan̲ /
Statement of responsibility, etc. Mo. A. Turai Araṅkacāmi.
250 ## - EDITION STATEMENT
Edition statement 1. patippu.
260 ## - PUBLICATION, DISTRIBUTION, ETC.
Place of publication, distribution, etc. Maturai :
Name of publisher, distributor, etc. Mīn̲āṭci Puttaka Nilaiyam,
Date of publication, distribution, etc. [1967]
300 ## - PHYSICAL DESCRIPTION
Extent 719 (i.e.197) p. ;
Dimensions 18 cm.
490 0# - SERIES STATEMENT
Series statement Mīn̲āṭci ;
Volume/sequential designation 80
500 ## - GENERAL NOTE
General note In Tamil.
650 #0 - SUBJECT ADDED ENTRY--TOPICAL TERM
Topical term or geographic name entry element Tamil literature
General subdivision History and criticism.

No items available.

Powered by Koha